| 000 | 00381nam a22001697a 4500 | ||
|---|---|---|---|
| 005 | 20160530093336.0 | ||
| 008 | 160530b xxu||||| |||| 00| 0 eng d | ||
| 020 | _a9971-51-389-7 | ||
| 041 | _aeng | ||
| 082 | _b5861 | ||
| 100 |
_aAker, Kumar and Day _91465 |
||
| 245 | _aMarketing Research | ||
| 260 | _bJohn Willy | ||
| 300 | _a707 | ||
| 650 |
_aManagement _9241 |
||
| 942 | _cBK | ||
| 999 |
_c2078 _d2077 |
||